000 00562nam a2200181 i 4500
001 45275
003 ES-MaACL
007 t|
008 030325s1982 sp ||||1| spa d
100 1 _aCodera Martín, José María.
_939415
245 1 0 _aContabiblidad básica /
_cJosé María Codera Martín.
260 _aMadrid :
_bPirámide,
_c[1982]
300 _a253 p. ;
_c23 cm.
490 1 _aEconomía y administración de empresas
830 0 _aEconomía y administración de empresas
_9178282
852 _aES-MaACL
_jL-4625
_bR.104512
999 _c45275
_d45275